| 000 | 00909nam a22002297a 4500 | ||
|---|---|---|---|
| 005 | 20170124102950.0 | ||
| 010 | _aA-616122 | ||
| 035 | _aA-616122 | ||
| 037 | _bCen Lib/Ret | ||
| 040 |
_aDPL _bHN |
||
| 082 |
_a827 _bजोशीश |
||
| 100 |
_aजोशी, शरद _951293 |
||
| 245 |
_aमुद्रिका-रहस्य : _cशरद जोशी _bव्यंग-रचनाएँ / |
||
| 246 |
_aMudrika-rahasya : vyang-rachnayen / _bby Sharad Joshi |
||
| 260 |
_aवाराणसी _bविश्वविद्यालय प्रकाशन _c1992 |
||
| 300 |
_a156पृ. _c21सेमी (सजिल्द) |
||
| 650 |
_aहिंदी साहित्य _951294 |
||
| 650 |
_aहिंदी--कहानियां _92082 |
||
| 650 |
_aHindi literature _951295 |
||
| 650 |
_aHindi--Stories _951296 |
||
| 942 |
_2ddc _cHN _h827 _mजोशीश |
||
| 999 |
_c113243 _d113243 |
||